000 00509nam a2200169Ia 4500
008 090201s9999 xx 000 0 und d
010 _aKPL-56028
040 _bमराठी
041 _aमराठी
082 _a41947
_b56028
100 _aदेवदत्त पाटील
245 _aरानभुल
_cदेवदत्त पाटील
260 _c2004
_bसुकृत प्रकाशन
300 _a200
_bमोठा
600 _aरानभुल
942 _cBOOK
999 _c239115
_d239115